000 00547nam a2200217Ia 4500
008 210210b1916 xxu||||| |||| 00| 0 eng d
041 _aeng
082 _a954/596
100 _aMarshall, John
245 _aAnnual report of the Archaeological Survey of India 1912-13
260 _aCalcutta
_bSuperintendent Government Printing
_c1916
300 _a181
650 _aSurvey
650 _areport
650 _aIndia
650 _aArchaeological
650 _aAnnual
650 _a1912-13
690 _aIndian History
906 _a001665
999 _c120846
_d120846